Η μικροδιδασκαλία ως εξεταστική ενότητα στην πιστοποίηση εκπαιδευτών ενηλίκων της μη τυπικής εκπαίδευσης : διπλωματική εργασία [μεταπτυχιακή εργασία]

Αποθηκεύτηκε σε:
Λεπτομέρειες βιβλιογραφικής εγγραφής
Κύριος συγγραφέας: Χριστοφόρου, Ζαφειρία
Συγγραφή απο Οργανισμό/Αρχή: Πανεπιστήμιο Αιγαίου Σχολή Ανθρωπιστικών Επιστημών Τμήμα Επιστημών της Προσχολικής Αγωγής και του Εκπαιδευτικού Σχεδιασμού Πρόγραμμα Μεταπτυχιακών Σπουδών Νέες Μορφές Εκπαίδευσης και Μάθησης
Άλλοι συγγραφείς: Βιτσιλάκη, Χρυσή (dgsf)
Μορφή: Thesis Βιβλίο
Γλώσσα:Greek
Δημοσίευση: 2017.
Θέματα:
Διαθέσιμο Online:http://hdl.handle.net/11610/17597
Ετικέτες: Προσθήκη ετικέτας
Δεν υπάρχουν, Καταχωρήστε ετικέτα πρώτοι!

MARC

LEADER 00000cam a2200000 a 4500
001 1/114529
008 170719s2017####gr | ||| |||| ||gre||
040 |a GR-MyUa  |b gre  |c GR-MyUa  |e AACR2 
041 0 |a gre 
082 7 |a 374   |2 (23) 
100 1 |a Χριστοφόρου, Ζαφειρία. 
245 1 2 |a Η μικροδιδασκαλία ως εξεταστική ενότητα στην πιστοποίηση εκπαιδευτών ενηλίκων της μη τυπικής εκπαίδευσης :   |b διπλωματική εργασία [μεταπτυχιακή εργασία] /   |c Χριστοφόρου Ζαφειρία ; επιβλέπουσα καθηγήτρια: Βιτσιλάκη Χρυσή.  
260 |c 2017.  
300 |a 190 σ. ;   |c 30 εκ.  
500 |a Υπάρχει ψηφιακό αντίγραφο.  
500 |a Μέλη εξεταστικής επιτροπής: Κοντάκος Αναστάσιος, Σταμάτης Παναγιώτης.  
502 |a Διατριβή (μεταπτυχιακή) – Πανεπιστήμιο Αιγαίου, Ρόδος, 2017. 
504 |a Βιβλιογραφία: σ. 173-190.  
506 1 |a Πλήρες κείμενο - Ενδοπανεπιστημιακή δημοσίευση - Κλειδωμένη η δυνατότητα αντιγραφής - Να δημοσιοποιηθεί μετά την 30/07/2019.  
650 0 |a Microteaching. 
650 0 |a Teachers  |x Training of  |z Greece. 
650 0 |a Instructional systems. 
650 0 |a Adult education. 
650 0 |a Educational planning. 
700 1 |a Βιτσιλάκη, Χρυσή,  |e dgsf 
710 2 |a Πανεπιστήμιο Αιγαίου   |b Σχολή Ανθρωπιστικών Επιστημών   |b Τμήμα Επιστημών της Προσχολικής Αγωγής και του Εκπαιδευτικού Σχεδιασμού   |b Πρόγραμμα Μεταπτυχιακών Σπουδών Νέες Μορφές Εκπαίδευσης και Μάθησης. 
852 |a INST  |b RHODES  |c DIATR  |e 20170719  |h 374 ΧΡΙ  |p 005400039432  |q 005400039432  |t MTXE  |y 23 
856 |u http://hdl.handle.net/11610/17597 
924 |a Χριστοφόρου   |b Ζαφειρία   |y Ρόδος  |z 2017-04  
970 |z 19-07-2017